智多的啟發故事
| 資料類型: | 圖書 | 書目號: | 32415 |
Leader xxxxxxxxxx 001 __ PCLIS00032415 005 __ 20030411085629.29 010 0_ |a957-|b平裝|dNT$ 020 __ |acw|b82005151 100 __ |a20030411d2003 0chib0109 e 101 0_ |achi 102 __ |acw 105 __ |aa z 000yy 200 1_ |a智多的啟發故事|e|f歡喜漫畫園編撰|g 205 __ |a初版 210 __ |a臺北市|c出版|d民92年 215 0_ |a頁|c圖, 表|d21公分 225 1_ |a|v 681 __ |a|b 700 __ |a歡喜漫畫園|b|4編撰 702 _1 |a|b|4譯 801 __ |acw|b本館|c20030411 |